000 01411nam a22002297a 4500
999 _c64382
_d64382
005 20251125233106.0
008 s2554 th tha d
020 _a9789747876567
040 _aNALT
041 _atha
050 _aDS582 จ657พ 2554
100 0 _aรุจยา อาภากร, ม.ร.ว., บรรณาธิการ
245 1 0 _aพระบาทสมเด็จพระจุลจอมเกล้าเจ้าอยู่หัวในความทรงจำแห่งโลก
260 3 _aกรุงเทพฯ :
_bอมรินทร์พริ้นติ้งแอนด์พับลิชชิ่ง,
_c2554
300 _a389 หน้า :
_b ภาพประกอบ ;
_c 30 ซม.
610 _aคณะอนุกรรมการจัดทำหนังสือเฉลิมพระเกียรติในโอกาส 100 ปี แห่งการสวรรคตของพระบาทสมเด็จพระจุลจอมเกล้าเจ้าอยู่หัว
650 0 4 _aจุลจอมเกล้าเจ้าอยู่หัว, พระบาทสมเด็จพระ, 2396--2453
850 _aNALT
856 4 0 _uhttps://hdl.handle.net/20.500.14156/411722
_71
942 _cGB
_2lcc